India and South East Asia: (Record no. 142515)

MARC details
000 -LEADER
fixed length control field 00689nam a22002057a 4500
005 - DATE AND TIME OF LATEST TRANSACTION
control field 20170713114743.0
010 ## - LCCN (DPL NO)
LC control number ENG-119167
020 ## - INTERNATIONAL STANDARD BOOK NUMBER
International Standard Book Number 9788175417922
Terms of availability 750.00
035 ## - SYSTEM CONTROL NUMBER
System control number EN-102699
037 ## - SOURCE OF ACQUISITION
Source of stock number/acquisition DBAD/PUB
082 ## - DEWEY DECIMAL CLASSIFICATION NUMBER
Classification number 327.54059
245 ## - TITLE STATEMENT
Title India and South East Asia:
Statement of responsibility, etc edited by Arpita Basu Roy [and] Subhadeep Bhattacharya
Remainder of title State,Borders and culture /
260 ## - PUBLICATION, DISTRIBUTION, ETC. (IMPRINT)
Place of publication, distribution, etc Delhi
Name of publisher, distributor, etc Shipra Publications
Date of publication, distribution, etc 2014
270 ## - ADDRESS
Address LG-18-19,Pankaj Central Market,I.P.Ext. Patparganj
City Delhi
Postal code 110092
300 ## - PHYSICAL DESCRIPTION
Extent xx,180p.
Dimensions 23cm(Hb)
500 ## - GENERAL NOTE
General note Includes index
700 ## - ADDED ENTRY--PERSONAL NAME
Personal name Basu Roy,Arpita
700 ## - ADDED ENTRY--PERSONAL NAME
Personal name Bhattacharya, Subhadeep
942 ## - ADDED ENTRY ELEMENTS (KOHA)
Source of classification or shelving scheme Dewey Decimal Classification
Item type English Books
Classification part 327.54059
Call number suffix IND
Holdings
Withdrawn status Lost status Not for loan Collection code Home library Current library Date acquired Source of acquisition Cost, normal purchase price Full call number Barcode Copy number Cost, replacement price Koha item type
    Not For Loan Non-fiction D.B.Act.Division Bawana 13/07/2017 EN-102699 750.00 327.54059 IND EN-102699 1 750.00 English Books

© Delhi Public Library
Hit Counter
free hit counter